000 00873nam a2200265 i 4500
003 DO-SdBNP
005 20230925141253.0
007 ta
008 140217s1991 dr 000 0 spa d
040 _aDO-SdBNP
_bspa
_cBNPHU
_erda
082 _bR426
_222
110 2 _aColegio Dominicano de Periodistas (CDP)
_9447
240 1 0 _a[leyes,etc.]
245 1 0 _aLey 10-91 :
_bpromulgada el 7 de mayo de 1991, que crea el Colegio Dominicano de Periodistas CDP /
246 1 _aColegio Dominicano de Periodistas CDP :
_bcongreso Nacional /
264 1 _a[Santo Domingo] :
_b[editor no identificado],
_c1991.
300 _a13 páginas
_c21 cm.
336 _2rdacontent
_atexto
_btxt
337 _2rdamedia
_asin mediación
_bn
338 _2rdacarrier
_avolumen
_bnc
500 _aComité ejecutivo
590 _aInventariado, 2023/ YL
910 _aYLockward
942 _2ddc
_cLF2
999 _c54918
_d54918